Logo BPK

Biblioteka

Politechniki Koszalińskiej

Ocena stanu środowiska obszarów przygranicznych Polski i Litwy w latach 1994-2003 = (Rekord nr 52602)

Szczegóły MARC
000 -ETYKIETA REKORDU
podpole kontrolne o stałej długości 01474nam a2200313 i 4500
001 - NUMER KONTROLNY REKORDU
pole kontrolne bg
020 ## - MIĘDZYNARODOWY ZNORMALIZOWANY NUMER KSIĄŻKI - ISBN
ISBN 8372172684
040 ## - ŹRÓDŁO KATALOGOWANIA
Instytucja, która utworzyła rekord BPK
041 w# - KOD JĘZYKA
Kod języka tekstu pollit
080 ## - UNIWERSALNA KLASYFIKACJA DZIESIĘTNA - UKD
UKD 504.06(438+474.5)"2001/..."
920 ## - Międzynarodowy znormalizowany numer książki – ISBN
ISBN 83-7217-268-4
008 - POLE O STAŁEJ DŁUGOŚCI - DANE KONTROLNE
podpole kontrolne o stałej długości s pl f |000 0 pol
245 00 - TYTUŁ/ODPOWIEDZIALNOŚĆ
Tytuł Ocena stanu środowiska obszarów przygranicznych Polski i Litwy w latach 1994-2003 =
Ciąg dalszy tytułu Aplinkos būklės apžvalga Lietuvos-Lenkijos pasienio teritorijoje 1994-2003 metais /
Pozostałe elementy strefy tytułu i oznaczenia odpowiedzialności Inspekcja Ochrony Środowiska. Wojewódzki Inspektorat Ochrony Środowiska w Białymstoku, Agencja Ochrony Środowiska w Wilnie.
260 ## - STREFA ADRESU WYDAWNICZEGO
Miejsce wydania Warszawa :
Nazwa wydawcy/dystrybutora Inspekcja Ochrony Środowiska,
Data publikacji, dystrybucji/powstania dokumentu 2005.
300 ## - STREFA OPISU FIZYCZNEGO
Objętość 176, 158 :
Inne cechy fizyczne mapy, wykr. ;
Rozmiary 24 cm.
490 1# - STREFA SERII I DOKUMENTU WIELOCZĘŚCIOWEGO - FORMA NIE DO WYSZUKIWANIA
Tytuł i oznaczenie odpowiedzialności serii Biblioteka Monitoringu Środowiska
500 ## - UWAGI OGÓLNE
Tekst uwagi Tekst przeciwlegle w jęz. polskim i litewskim.
500 ## - UWAGI OGÓLNE
Tekst uwagi Liczbowanie stronic w przeciwległych kierunkach.
504 ## - UWAGA DOTYCZĄCA BIBLIOGRAFII
Informacje o bibliografii Bibliogr.
650 #9 - HASŁO PRZEDMIOTOWE W FORMIE NAZWY OGÓLNEJ LUB JEDNOSTKOWEJ
Nazwa ogólna lub geograficzna Ochrona środowiska
Określnik geograficzny Polska
Określnik chronologiczny od 2001 r
650 #9 - HASŁO PRZEDMIOTOWE W FORMIE NAZWY OGÓLNEJ LUB JEDNOSTKOWEJ
Nazwa ogólna lub geograficzna Ochrona środowiska
Określnik geograficzny Litwa
Określnik chronologiczny od 2001 r
650 #9 - HASŁO PRZEDMIOTOWE W FORMIE NAZWY OGÓLNEJ LUB JEDNOSTKOWEJ
Nazwa ogólna lub geograficzna Regiony przygraniczne
Określnik ogólny środowisko
Określnik geograficzny Polska
Określnik chronologiczny od 2001 r
650 #9 - HASŁO PRZEDMIOTOWE W FORMIE NAZWY OGÓLNEJ LUB JEDNOSTKOWEJ
Nazwa ogólna lub geograficzna Regiony przygraniczne
Określnik ogólny środowisko
Określnik geograficzny Litwa
Określnik chronologiczny od 2001 r
650 #9 - HASŁO PRZEDMIOTOWE W FORMIE NAZWY OGÓLNEJ LUB JEDNOSTKOWEJ
Nazwa ogólna lub geograficzna Regiony przygraniczne
Określnik ogólny środowisko
Określnik geograficzny Europa Środkowo-Wschodnia
Określnik chronologiczny od 2001 r
710 0# - HASŁO DODATKOWE - NAZWA CIAŁA ZBIOROWEGO
Nazwa ciała zbiorowego lub jednostki geograficznej Inspekcja Ochrony Środowiska
Nazwa jednostki podrzędnej Wojewódzki Inspektorat Ochrony Środowiska (Białystok)
710 0# - HASŁO DODATKOWE - NAZWA CIAŁA ZBIOROWEGO
Nazwa ciała zbiorowego lub jednostki geograficznej Agencja Ochrony Środowiska (Wilno)
830 ## - HASŁO DODATKOWE SERII LUB DOKUMENTU WIELOCZĘŚCIOWEGO - TYTUŁ UJEDNOLICONY
Tytuł ujednolicony Biblioteka Monitoringu Środowiska
856 ## - LOKALIZACJA I DOSTĘP DO ELEKTRONICZNYCH DOKUMENTÓW ZDALNYCH
Link (URL) http://koha.tu.koszalin.pl/cgi-bin/koha/opac-detail.pl?biblionumber=52602
Tekst linku Katalog online BPK
942 ## - DODATKOWE ELEMENTY (KOHA)
Typ dokumentu Książka
Egzemplarze
Wycofany Status egzemplarza Uszkodzony Dostępność Lokalizacja stała Lokalizacja bieżąca Miejsce przechowywania Sygnatura Kod kreskowy Typ dokumentu
      Dostępny Biblioteka Politechniki Koszalińskiej Biblioteka Politechniki Koszalińskiej Wypożyczalnia BG 81220 02347561 Książka
© 2023 Biblioteka Politechniki Koszalińskiej :: KOHA